Excel Foundation/ (Record no. 190746)

MARC details
000 -LEADER
fixed length control field 00537nam a22001817a 4500
005 - DATE AND TIME OF LATEST TRANSACTION
control field 20220804102420.0
010 ## - LCCN (DPL NO)
LC control number ENG-134249
020 ## - INTERNATIONAL STANDARD BOOK NUMBER
International Standard Book Number 9789385132568
Terms of availability 170.00
035 ## - SYSTEM CONTROL NUMBER
System control number EN-117781
037 ## - SOURCE OF ACQUISITION
Source of stock number/acquisition DBAD/PUB
082 ## - DEWEY DECIMAL CLASSIFICATION NUMBER
Classification number 005.3
100 ## - MAIN ENTRY--PERSONAL NAME
Personal name Renuka, R.
245 ## - TITLE STATEMENT
Title Excel Foundation/
Statement of responsibility, etc R. Renuka
260 ## - PUBLICATION, DISTRIBUTION, ETC. (IMPRINT)
Place of publication, distribution, etc Hyderabad
Name of publisher, distributor, etc Vaagdevi Publishers
Date of publication, distribution, etc 2018
270 ## - ADDRESS
Address H.No. 2-2-1167/2H, Near Railway Bridge, Tilaknagar, Nallakunta
City Hyderabad
Postal code 500044
300 ## - PHYSICAL DESCRIPTION
Extent 170p.
Dimensions 24cm(pbk)
942 ## - ADDED ENTRY ELEMENTS (KOHA)
Source of classification or shelving scheme Dewey Decimal Classification
Item type English Books
Classification part 005.3
Call number suffix REN
Holdings
Withdrawn status Lost status Not for loan Collection code Home library Current library Date acquired Source of acquisition Cost, normal purchase price Full call number Barcode Copy number Cost, replacement price Koha item type
      Non-fiction Bawana Bawana 04/08/2022 DBAD/PUB 170.00 005.3 REN EN-117781 1 170.00 English Books

© Delhi Public Library
Hit Counter
free hit counter